=LDR 00000nam 2200000 4500 =001 INLIS00000000000038 =005 20260702043538 =020 ##$$a 978-623-4761-14-9 =082 ##$$a 038.461 =100 1#$$a Mallo, A.Saibani Indrayani =245 1 $$a Hoegeng,Polisi Jujur,Tegas Dan Berintegritas /$c A.Saibani Indrayani Mallo =300 ##$$a 24 ; 20 x 20 cm